Lista alfabetica de los individuos matriculados en el Nacional Colegio de Abogados de Puebla, con noticia de los cargos que desempeñan, de las fechas en que se han recibido, y de las casas donde habitan ó lugares en que residen. Año de 1877

Detalles Bibliográficos
Autor Corporativo: Colegio de Abogados (Puebla)
Formato: Libro
Lenguaje:Spanish
Publicado: Puebla : tipografia de Jose Maria Osorio, á cargo de Lucio G. Romero, 1877.
Materias:
Colección:Banco de datos
Acervo:Biblioteca Palafoxiana. Colección de Pliegos Sueltos
Descripción Física:15 p. ; 21 cm.
Tema general:Educación
Notas:Sello en tinta de la Biblioteca Pública Palafoxiana
LEADER 00837nam a22001930004500
035 |a 2373 
041 0 |a spa 
082 0 4 |a FR/PAFX/IMPS/C093/02713 
110 1 |a Colegio de Abogados (Puebla) 
245 1 0 |a Lista alfabetica de los individuos matriculados en el Nacional Colegio de Abogados de Puebla, con noticia de los cargos que desempeñan, de las fechas en que se han recibido, y de las casas donde habitan ó lugares en que residen. Año de 1877 
260 |a Puebla : tipografia de Jose Maria Osorio, á cargo de Lucio G. Romero, 1877. 
300 |a 15 p. ; 21 cm. 
500 |a Sello en tinta de la Biblioteca Pública Palafoxiana 
610 1 4 |a Nacional Colegio de Abogados (Puebla) 
650 1 0 |a Educación 
949 |a I02713 
942 |c PALAPLIE 
943 |g Biblioteca Palafoxiana. Colección de Pliegos Sueltos 
999 |c 1075663  |d 1075663